| 000 | 00642nam a22001937a 4500 | ||
|---|---|---|---|
| 003 | MX-MxUPN | ||
| 005 | 20240919064407.0 | ||
| 008 | 231026s1943 mx|a|||fr|||| 001 0 spa d | ||
| 040 |
_aMX-MxUPN _bspa |
||
| 050 | 4 |
_aHB75 _bS54 1943 |
|
| 100 | 1 |
_950458 _aSieveking, Heinrich, _d1871-1946 |
|
| 100 | 1 |
_950459 _aBecker, C. |
|
| 245 | 1 | 0 |
_aHistoria económica universal : _bde la prehistoria a 1943 : enseñanzas económicas para durante la guerra y la post-guerra |
| 260 |
_aMéxico, D.F. : _bD´Milagro, _c1943 |
||
| 300 | _a386 páginas | ||
| 650 | 4 |
_aEconomía _xHistoria _916774 |
|
| 902 | _aVíctorGodínez/261023 | ||
| 942 |
_2lcc _cLIBRO |
||
| 999 |
_c210623 _d210623 |
||